Ape Species - Statistics

General Stats
  • This quiz has been taken 42 times
  • The average score is 10 of 28
Answer Stats
Family Genus Species Common Name % Correct
Hominidae Pan troglodytes Chimpanzee
97%
Hominidae Homo sapiens Human
97%
Hominidae Pan paniscus Bonobo
88%
Hominidae Pongo abelii Sumatran Orangutan
76%
Hominidae Gorilla gorilla Western Gorilla
76%
Hominidae Pongo pygmaeus Bornean Orangutan
70%
Hominidae Gorilla beringei Eastern Gorilla
70%
Hominidae Pongo tapanuliensis Tapanuli Orangutan
48%
Hylobatidae Symphalangus syndactylus Siamang
45%
Hylobatidae Hylobates lar Lar Gibbon
42%
Hylobatidae Hylobates agilis Agile Gibbon
30%
Hylobatidae Hylobates moloch Silvery Gibbon
30%
Hylobatidae Hylobates albibarbis Bornean White-bearded Gibbon
24%
Hylobatidae Nomascus hainanus Hainan Black Crested Gibbon
21%
Hylobatidae Hylobates klossii Kloss's Gibbon
21%
Hylobatidae Hylobates muelleri Müller's Gibbon
21%
Hylobatidae Nomascus leucogenys Northern White-cheeked Gibbon
15%
Hylobatidae Hylobates pileatus Pileated Gibbon
15%
Hylobatidae Nomascus siki Southern White-cheeked Gibbon
15%
Hylobatidae Nomascus concolor Black Crested Gibbon
12%
Hylobatidae Hoolock leuconedys Eastern Hoolock Gibbon
12%
Hylobatidae Hoolock tianxing Skywalker Hoolock Gibbon
12%
Hylobatidae Hoolock hoolock Western Hoolock Gibbon
12%
Hylobatidae Nomascus gabriellae Yellow-cheeked Gibbon
12%
Hylobatidae Nomascus nasutus Eastern Black Crested Gibbon
9%
Hylobatidae Hylobates funereus Eastern Grey Gibbon
9%
Hylobatidae Hylobates abbotti Western Grey Gibbon
6%
Hylobatidae Nomascus annamensis Northern Buffed-cheeked Gibbon
3%
No matching quizzes found
Score Distribution
Percent of People with Each Score
Percentile by Number Answered
Your Score History
You have not taken this quiz